| 000 | 01303nam0a22003131 4500 | ||
|---|---|---|---|
| 001 | rc\2269762 | ||
| 005 | 20260407131130.0 | ||
| 035 | _a(NLR Aleph) 006550888 | ||
| 090 |
_a6738808 _c6738808 |
||
| 100 | _a20110829d1977 |||y0rusy50 ca | ||
| 101 | 0 | _arus | |
| 102 | _aRU | ||
| 105 | _aa z ||||| | ||
| 200 | 1 |
_aМетодические рекомендации по применению электромагнитного каротажа с аппаратурой ЭМК-1 _fНауч.-произв. об-ние "Геофизика" _g[Сост. В.П. Кальварская, Г.Э. Штольцер, Е.С. Екимов] |
|
| 210 |
_aЛенинград _cНПО "Геофизика" _d1977 |
||
| 215 |
_a65 с., 3 л. ил. _cил. _d20 |
||
| 320 | _aСписок лит.: с. 63 (10 назв.) | ||
| 606 |
_aКаротаж электрический _2psbo |
||
| 686 |
_aД443.42я8 _2rubbk |
||
| 702 | 1 |
_aШтольцер _bГ.Э. _4220 |
|
| 702 | 1 |
_aЕкимов _bЕ.С. _4220 |
|
| 702 | 1 |
_aКальварская _bВ.П. _4220 |
|
| 712 | 0 | 2 |
_a"Геофизика", объединение _cЛенинград _3RU\NLR\AUTH\889982211 _9460391 |
| 801 | 0 |
_aRU _bNLR _gpsbo |
|
| 801 | 1 |
_aRU _bELAR _2rusmarc |
|
| 852 |
_aNLR _j78-4/24345 |
||
| 899 |
_aRuMoRGB _jБ 78-55/1076 |
||
| 942 | _cBOOK | ||
| 980 | _aNB | ||